00534nam a2200205 a 4500001001300000003000900013005001700022008004100039020000900080082001400089100002000103245004500123260004700168300000800215500003500223505001000258650002600268650001400294700002000308nice12345678IN_TiNIC20260116011659.0050524s1916 mada grp 000 0 eng  ac3000a231bGAI1 aGairdner, W H T aGod as Triune, Creator Incarnate, Atoner aMadrasbChristian Literature Societyc1916 a65p aincludes index and biblioraphy2 aIndex aGod-Biblical Teaching aAtonement1 aGairdner, W H T